| 000 | 00569nam a2200205 a 4500 | ||
|---|---|---|---|
| 005 | 20220905063509.0 | ||
| 008 | 090618s2005 es r 000 0 spa d | ||
| 020 | _a8467508744 | ||
| 035 | _aUPN01000171252 | ||
| 049 | _aCG | ||
| 050 | 4 |
_aPQ7798.16 E7.2 _bA9.6 |
|
| 100 | 1 |
_aFerrari, Andrea, _d1961- |
|
| 245 | 1 | 0 |
_aAunque diga fresas / _cAndrea Ferrari. |
| 260 |
_aMadrid : _bSM, _c2005. |
||
| 300 | _a143 p. | ||
| 440 | 0 |
_aGran angular ; _v73. _pAlerta roja |
|
| 650 | 0 |
_aNovela argentina _95078 |
|
| 650 | 0 |
_aLiteratura juvenil argentina _912413 |
|
| 905 | _aLibro | ||
| 999 |
_c143357 _d143357 |
||